000 00415nam a2200145Ia 4500
008 220214s9999 xx 000 0 und d
022 _a0263-6476
245 0 _aPOLYMER COMMUNICATIONS
260 _bButterworth-Heinemann Ltd.,England
_aUK
310 _a18y
500 _aEnding Volume & Year: 32, 1991
500 _aMissing Volume: 26(4-6,12);31(4-12)
500 _aStarting Volume & Year: 24, 1983
942 _cBJ
999 _c16089
_d16089